|
|
|
|
| LEADER |
01159nam a22003377i 4500 |
| 001 |
001900467 |
| 003 |
CZ BrMZK |
| 005 |
20240626102509.0 |
| 007 |
ta |
| 008 |
240626s1947 xr ag er|||||||||||cze d |
| 015 |
|
|
|a cnb000399174
|
| 035 |
|
|
|a (OCoLC)85172092
|
| 040 |
|
|
|a ABA001
|b cze
|c PNA001
|d ABA001
|d BOA001
|e rda
|
| 041 |
0 |
|
|a cze
|a eng
|
| 100 |
1 |
|
|a Marhan, Jan
|7 jk01080226
|4 aut
|
| 245 |
1 |
0 |
|a Anglicky sluchem a studiem pro školu a samouky /
|c Jan Marhan ; výklad o anglické výslovnosti a pravopise napsal Vilém Mathesius
|
| 246 |
1 |
4 |
|a Anglicky sluchem a studiem
|
| 250 |
|
|
|a Třetí vydání
|
| 264 |
|
1 |
|a V Praze :
|b Státní nakladatelství,
|c 1947
|
| 300 |
|
|
|a 321 s. :
|b ilustrace, noty ;
|c 21 cm
|
| 336 |
|
|
|a text
|b txt
|2 rdacontent
|
| 337 |
|
|
|a bez média
|b n
|2 rdamedia
|
| 338 |
|
|
|a svazek
|b nc
|2 rdacarrier
|
| 500 |
|
|
|a Anglicko-český slovník
|
| 500 |
|
|
|a Obsahuje rejstřík
|
| 500 |
|
|
|a 5000 výt.
|
| 700 |
1 |
|
|a Mathesius, Vilém,
|d 1882-1945
|7 jk01080720
|4 aut
|
| 910 |
|
|
|a BOA001
|b 2-0210.672
|
| 990 |
|
|
|a BK
|
| 991 |
|
|
|b 202406
|
| 996 |
6 |
|
|b 2618763880
|c 2-0210.672
|l MZK
|r Sklad / do 24 hodin
|n 0
|w 001968953
|u 000010
|a 1
|e BOA001
|j MZK50
|s P
|